| 000 | 01039cam a2200301 4500 | ||
|---|---|---|---|
| 999 |
_c31068 _d31068 |
||
| 001 | 3142942 | ||
| 003 | ARRUPE | ||
| 005 | 20170927123728.0 | ||
| 008 | 731016s1973 nyu b 001 0 eng | ||
| 010 | _a 73081196 | ||
| 020 | _a9780465097197 | ||
| 020 | _a0465097197 | ||
| 020 | _a046503425X | ||
| 040 |
_aDLC _cDLC _dDLC |
||
| 050 | 0 | 0 |
_aGN315 _b.G36 |
| 082 | 0 | 0 | _a301.2 |
| 100 | 1 |
_aGeertz, Clifford. _99268 |
|
| 245 | 1 | 4 |
_aThe interpretation of cultures : _bselected essays / _cby Clifford Geertz. |
| 260 |
_aNew York, _bBasic Books _c1973. |
||
| 300 |
_aix, 470 p. ; _c25 cm. |
||
| 350 | _a$15.00 | ||
| 504 | _aIncludes bibliographical references and index. | ||
| 650 | 0 |
_aEthnology. _9128 |
|
| 650 | 0 |
_aCulture. _936442 |
|
| 856 | 4 | 2 |
_3Publisher description _uhttp://www.loc.gov/catdir/enhancements/fy0833/73081196-d.html |
| 856 | 4 | 2 |
_3Contributor biographical information _uhttp://www.loc.gov/catdir/enhancements/fy0916/73081196-b.html |
| 906 |
_a7 _bcbc _corignew _d2 _eopcn _f19 _gy-gencatlg |
||
| 942 |
_2lcc _cMONOGRAPH |
||